Statistics for Historical Timeline of Korea

Click here to take the quiz!

General Stats

  • This quiz has been taken 27 times
  • The average score is 8 of 13

Answer Stats

YearHintAnswer% Correct
1910J_______ OccupationJapanese Occupation
100%
1948N____ KoreaNorth Korea
100%
1948S____ KoreaSouth Korea
100%
1897K_____ EmpireKorean Empire
95%
1392Jose__Joseon
71%
108 BCFour Commandaries of Ha_Four Commandaries of Han
67%
918Gory__Goryeo
67%
37 BCGogury__Goguryeo
52%
57 BCSil__Silla
43%
18 BCBaek__Baekje
24%
698Balh__Balhae
24%
892Later Baek__Later Baekje
24%
901Taebo__Taebong
5%

Score Distribution

Percentile by Number Answered

Percent of People with Each Score

Your Score History

You have not taken this quiz